[Event "Regionalliga NW 9495"]
[Site "Bayern"]
[Date "1994.??.??"]
[Round "?.3"]
[White "Dietel, Erwin"]
[Black "Neubert, Marcus"]
[Result "1/2-1/2"]
[WhiteElo "2015"]
[BlackElo "2060"]
[PlyCount "83"]
[EventDate "1994.10.??"]
[EventType "team-tourn"]
[EventRounds "9"]
[EventCountry "GER"]
[SourceTitle "EXT 1999"]
[Source "ChessBase"]
[SourceDate "1998.11.16"]
[SourceVersion "1"]
[SourceVersionDate "1998.11.16"]
[SourceQuality "1"]
[WhiteTeam "Bamberg TV"]
[BlackTeam "Schweinfurt Fr"]
[WhiteTeamCountry "GER"]
[BlackTeamCountry "GER"]

1. c4 Nf6 2. Nc3 d6 3. d4 g6 4. g3 Bg7 5. Bg2 0-0 6. Nf3 c6 7. 0-0 Bg4 8. b3 Bxf3 9. Bxf3 Nbd7 10. Bg2 e5 11. dxe5 dxe5 12. Be3 Qc7 13. b4 Rfd8 14. Qb3 Nf8 15. Rad1 Ne6 16. c5 Rxd1 17. Rxd1 Bf8 18. Qc4 a6 19. a4 Re8 20. a5 Rd8 21. Rd3 Bg7 22. h4 Rxd3 23. Qxd3 Ne8 24. Ne4 Nd4 25. Ng5 Nf5 26. Bd2 Qe7 27. Bh3 h6 28. Ne4 Nd4 29. Bc3 f5 30. Nd2 Kh7 31. e3 e4 32. Qc4 Ne2+ 33. Qxe2 Bxc3 34. Nb3 Qe6 35. Nd4 Qd5 36. h5 Bxd4 37. hxg6+ Kxg6 38. exd4 Qxd4 39. Bxf5+ Kxf5 40. Qh5+ Kf6 41. Qxe8 Qxb4 42. Qd8+ 1/2-1/2

[Event "Regionalliga NW 9495"]
[Site "Bayern"]
[Date "1994.??.??"]
[Round "?.4"]
[White "Dietel, Erwin"]
[Black "Reis, Thomas"]
[Result "0-1"]
[WhiteElo "2015"]
[BlackElo "2005"]
[PlyCount "126"]
[EventDate "1994.10.??"]
[EventType "team-tourn"]
[EventRounds "9"]
[EventCountry "GER"]
[SourceTitle "EXT 1999"]
[Source "ChessBase"]
[SourceDate "1998.11.16"]
[SourceVersion "1"]
[SourceVersionDate "1998.11.16"]
[SourceQuality "1"]
[WhiteTeam "Bamberg TV"]
[BlackTeam "Sand"]
[WhiteTeamCountry "GER"]
[BlackTeamCountry "GER"]

1. c4 f5 2. Nc3 Nf6 3. g3 g6 4. Bg2 Bg7 5. d4 0-0 6. Bf4 h6 7. h4 d6 8. Qd2 Kh7 9. Nh3 Qe8 10. Nd5 Nxd5 11. cxd5 c6 12. h5 g5 13. Bxg5 hxg5 14. Nxg5+ Kh8 15. Ne6 Bxe6 16. dxe6 d5 17. Qb4 b5 18. Qd2 Na6 19. f3 Nc7 20. g4 fxg4 21. fxg4 Nxe6 22. g5 Qb8 23. 0-0-0 Qf4 24. Qxf4 Rxf4 25. e3 Rf2 26. Rdg1 Nxg5 27. Bxd5 cxd5 28. Rxg5 Bh6 29. Rxd5 Bxe3+ 30. Kb1 a6 31. Re1 Rg8 32. a4 e6 33. Rd7 Rf3 34. axb5 axb5 35. Rb7 Rg5 36. h6 Rg1 37. Rxg1 Bxg1 38. Rxb5 Bxd4 39. b4 Rf2 40. Rb7 Rh2 41. b5 e5 42. Kc1 Rxh6 43. Kd2 Rb6 44. Rd7 Rxb5 45. Kd3 Rb3+ 46. Ke4 Rg3 47. Kf5 Rg7 48. Rd8+ Kh7 49. Rd6 Rf7+ 50. Kg5 Be3+ 51. Kh5 Rf5+ 52. Kg4 Rg5+ 53. Kf3 Bf4 54. Ra6 Rg6 55. Ra1 Kh6 56. Ke4 Kg5 57. Rg1+ Kf6 58. Ra1 Rg3 59. Ra6+ Kg5 60. Ra8 Re3+ 61. Kd5 Kg4 62. Ra1 Rd3+ 63. Ke4 Rd4# 0-1

[Event "Regionalliga NW 9495"]
[Site "Bayern"]
[Date "1994.??.??"]
[Round "?.4"]
[White "Gehlert, Klaus"]
[Black "Dietel, Erwin"]
[Result "0-1"]
[WhiteElo "2100"]
[BlackElo "2015"]
[PlyCount "123"]
[EventDate "1994.10.??"]
[EventType "team-tourn"]
[EventRounds "9"]
[EventCountry "GER"]
[SourceTitle "EXT 1999"]
[Source "ChessBase"]
[SourceDate "1998.11.16"]
[SourceVersion "1"]
[SourceVersionDate "1998.11.16"]
[SourceQuality "1"]
[WhiteTeam "Wuerzburg II"]
[BlackTeam "Bamberg TV"]
[WhiteTeamCountry "GER"]
[BlackTeamCountry "GER"]

1. d4 g6 2. Nf3 Bg7 3. g3 d5 4. c4 dxc4 5. Bg2 Nf6 6. Ne5 0-0 7. 0-0 Nbd7 8. Nxc4 c6 9. Nc3 Nb6 10. Ne5 Ng4 11. f4 Nd5 12. Qd3 Be6 13. a3 Rc8 14. Nxg4 Bxg4 15. h3 Be6 16. Nxd5 cxd5 17. g4 f5 18. g5 Qb6 19. e3 Rc6 20. b3 Rfc8 21. Bd2 Rc2 22. Bb4 Qc7 23. Rad1 Rc6 24. h4 b6 25. h5 a5 26. Bd2 gxh5 27. Bf3 Rc2 28. Bxh5 Bd7 29. Qe2 e6 30. Qh2 Bf8 31. Rf2 Bb5 32. Rg2 Bg7 33. Re1 Bd3 34. Bd1 Ra2 35. Qh4 Be4 36. Rh2 Bf8 37. a4 Ra1 38. Bc3 Rc1 39. Bd2 Bb4 40. Bxb4 axb4 41. Kf2 Bc2 42. Be2 Rxe1 43. Kxe1 Bxb3 44. g6 Qg7 45. gxh7+ Kh8 46. Kf2 Rf8 47. Bb5 Rc8 48. Bc6 Bd1 49. Ke1 Bg4 50. Rb2 Qf8 51. Bd7 Rc7 52. Bxe6 Rxh7 53. Qg5 Rh1+ 54. Kd2 Rh6 55. Kd3 Kh7 56. Bxd5 Rh5 57. Bg8+ Qxg8 58. Qe7+ Qg7 59. Qxg7+ Kxg7 60. Rxb4 Rh6 61. d5 Bf3 62. Rb5 0-1